Dynamics of international law in the new millennium (Record no. 11675)

MARC details
000 -LEADER
fixed length control field 00634 a2200217 4500
001 - CONTROL NUMBER
control field 138940
003 - CONTROL NUMBER IDENTIFIER
control field OSt
005 - DATE AND TIME OF LATEST TRANSACTION
control field 20210928170706.0
008 - FIXED-LENGTH DATA ELEMENTS--GENERAL INFORMATION
fixed length control field
020 ## - INTERNATIONAL STANDARD BOOK NUMBER
International Standard Book Number 9788178270845
082 ## - DEWEY DECIMAL CLASSIFICATION NUMBER
Classification number 341
Item number D99D
100 1# - MAIN ENTRY--PERSONAL NAME
Personal name Dynamics of international law in the new millennium
245 1# - TITLE STATEMENT
Title Dynamics of international law in the new millennium
Statement of responsibility, etc edited by R.K. Dixit and C. Jayaraj
260 ## - PUBLICATION, DISTRIBUTION, ETC. (IMPRINT)
Place of publication, distribution, etc New Delhi
Name of publisher, distributor, etc Manak Publications
Date of publication, distribution, etc 2004
300 ## - PHYSICAL DESCRIPTION
Extent 436p.
630 ## - SUBJECT ADDED ENTRY--UNIFORM TITLE
Uniform title Social Work
630 ## - SUBJECT ADDED ENTRY--UNIFORM TITLE
Uniform title International law
700 ## - ADDED ENTRY--PERSONAL NAME
Personal name Dixit, R.K.
Relator term editor
700 ## - ADDED ENTRY--PERSONAL NAME
Personal name Jayaraj, C. ED ed.
942 ## - ADDED ENTRY ELEMENTS (KOHA)
Source of classification or shelving scheme Dewey Decimal Classification
Koha item type Books
Holdings
Withdrawn status Lost status Source of classification or shelving scheme Damaged status Not for loan Collection code Home library Current library Date acquired Source of acquisition Cost, normal purchase price Full call number Barcode Date last seen Price effective from Koha item type
    Dewey Decimal Classification     General Text Book Central University Of Rajasthan Central University Of Rajasthan 12/03/2014 SCW 0.00 341 D99D 14612 21/11/2024 02/09/2020 Books